|
|
|
|
| LEADER |
00865nam a2200217 a 4500 |
| 001 |
GR-MES14274 |
| 008 |
080407s gr 000 0 gre d |
| 020 |
|
|
|a 9602487046
|
| 040 |
|
|
|a GrPaTEI
|b gre
|c GR-PaULI
|
| 040 |
|
|
|a GrPaTEI
|b gre
|c GR-PaULI
|
| 082 |
|
0 |
|a Μ
|
| 100 |
1 |
|
|a Ζαραβέλας, Δημήτρης
|
| 245 |
1 |
3 |
|a Τα μυστικά της χούφτας /
|c Δημήτρης Αθ. Ζαραβέλας.
|
| 260 |
|
|
|a Αθήνα
|a Γιάννινα,
|c 1994
|
| 300 |
|
|
|a 158σ. ;
|c 21εκ.
|
| 650 |
|
4 |
|a Ελληνική Λογοτεχνία
|
| 650 |
|
4 |
|a Μυθιστόρημα
|
| 942 |
|
|
|2 ddc
|
| 952 |
|
|
|0 0
|1 0
|2 ddc
|4 0
|6 Μ_ΖΑΡ
|7 0
|9 272398
|a MSLG
|b MSLG
|c BSC
|d 2021-01-17
|e 24
|f 0
|g 0.00
|l 0
|o Μ ΖΑΡ
|p 2420000011089
|r 2021-01-17 00:00:00
|t 1
|w 2021-01-17
|y BK15
|x 20080407 0 ΜΑΤΣΙΩΡΗ 1
|x GrPaTEI
|
| 971 |
|
|
|a .b25803232
|b 01-10-20
|c 13-09-16
|
| 999 |
|
|
|c 157518
|d 157518
|